书目信息 |
| 题名: |
养黄鳝、泥鳅赚钱方略
|
|
| 作者: | 胡兆云 主编 | |
| 分册: | ||
| 出版信息: | 合肥 安徽科学技术出版社 2017.1 |
|
| 页数: | 185页 | |
| 开本: | 23cm | |
| 丛书名: | ||
| 单 册: | ||
| 中图分类: | S966.4 | |
| 科图分类: | ||
| 主题词: | 泥鳅--淡水养殖 , 黄鳝属--淡水养殖 , 泥鳅--养殖场--经营管理 , 黄鳝属--养殖场--经营管理 | |
| 电子资源: | ||
| ISBN: | 978-7-5337-7050-1 | |
| 000 | 00964nam0 2200277 450 | |
| 001 | 0400001206 | |
| 005 | 20171015113433.0 | |
| 010 | @a978-7-5337-7050-1@dCNY28.00 | |
| 100 | @a20170215d2017 em y0chiy50 ea | |
| 101 | 0 | @achi |
| 102 | @aCN@b340000 | |
| 105 | @aa z 000yy | |
| 106 | @ar | |
| 200 | 1 | @a养黄鳝、泥鳅赚钱方略@9yang huang shan、ni qiu zhuan qian fang lue@f胡兆云主编 |
| 210 | @a合肥@c安徽科学技术出版社@d2017.1 | |
| 215 | @a185页@c图@d23cm | |
| 300 | @a致富一招鲜系列 | |
| 330 | @a本书从黄鳝、泥鳅的分类与分布、市场经济价值等基本常识开始,系统地介绍了黄鳝、泥鳅的生物学特性,人工繁殖,苗种培育,营养与饲料,成体养殖技术,捕捞、暂养及运输,常见疾病和防治等内容。 | |
| 606 | 0 | @a泥鳅@x淡水养殖 |
| 606 | 0 | @a黄鳝属@x淡水养殖 |
| 606 | 0 | @a泥鳅@x养殖场@x经营管理 |
| 606 | 0 | @a黄鳝属@x养殖场@x经营管理 |
| 690 | @aS966.4@v5 | |
| 701 | 0 | @a胡兆云@9hu zhao yun@4主编 |
| 801 | 0 | @aCN@b91MARC@c20171015 |
| 905 | @b1020419-23@dS966.4@f5@e41 | |
| 养黄鳝、泥鳅赚钱方略/胡兆云主编.-合肥:安徽科学技术出版社,2017.1 |
| 185页:图;23cm |
| 致富一招鲜系列 |
| ISBN 978-7-5337-7050-1:CNY28.00 |
| 本书从黄鳝、泥鳅的分类与分布、市场经济价值等基本常识开始,系统地介绍了黄鳝、泥鳅的生物学特性,人工繁殖,苗种培育,营养与饲料,成体养殖技术,捕捞、暂养及运输,常见疾病和防治等内容。 |
| ● |
| 相关链接 |
|
|
|
|
正题名:养黄鳝、泥鳅赚钱方略
索取号:S966.4/41
 
预约/预借
| 序号 | 登录号 | 条形码 | 馆藏地/架位号 | 状态 | 备注 |
| 1 | 1020419 | 210204198 | 第二样本阅览室/ [索取号:S966.4/41] | 在馆 | |
| 2 | 1020420 | 210204205 | 密集书库-生命科学系/ [索取号:S966.4/41] | 在馆 | |
| 3 | 1020421 | 210204214 | 第三借阅区/ [索取号:S966.4/41] | 在馆 | |
| 4 | 1020422 | 210204223 | 第三借阅区/ [索取号:S966.4/41] | 在馆 | |
| 5 | 1020423 | 210204232 | 第三借阅区/ [索取号:S966.4/41] | 在馆 |